000 01685nam a2200373 c 4500
003 BLK
005 20250715174147.0
008 180411b bul|||||r ||||||| ||bul||
010 _aKNG00183955000
020 _a978-954-625-991-2
_bиздат.: Фют - на том(кн. 3)
040 _aBLK
041 _aBUL
_cBUL
072 7 _2bullib
_aН85
_xДетска художествена литература Н
080 _aАнглийска литература
_b821.111
_x-93-32
_z821.111-93-32
100 1 _aМаккейн, Кели
_eпърви автор
_991255
700 1 _aМилър, Антония
_eил.
_9378227
700 1 _aКараславова, Жечка Ангелова
_eпрев.
_9368049
139 _aМаккейн, Кели
_bМ 19
245 1 0 _aПод дъгата
_bКн. 1 -
_cКели Маккейн; ил. Антония Милър; прев. Жечка Ангелова Караславова.
_nКн. 3
_pБоровинкови желания
257 _aGBR
260 София
_c2014 -
_fСофия : Лито Балкан
300 _c20 см
380 _aDX
653 _aлитература за деца
653 _aдетска литература
659 _aН
760 1 _3- на том(кн. 3)
_aМаккейн, Кели
_dФют, 2015
_h256 с.
_nОриг. загл. Rainbow Beauty - Blueberry Wishes / Kelly McKain.
_tКн. 3 Боровинкови желания
852 _aЦб 271573
856 4 _qpdf
_u
856 4 _qpdf
_u
942 _cKNG
_n0
_022
944 _aCR
_c21.10.2015
_lРусанова Ирена
_k30542
944 _aED
_c19.02.2016
_lф /
_kПенка_Димитрова
999 _c175404
_d175404